| 000 | 00458nam a2200097Ia 4500 | ||
|---|---|---|---|
| 008 | 180130s9999 xx 000 0 und d | ||
| 245 |
_cKamalian, Aminreza; Rashki, Maryam; Arbabi, Mah Lagha _aThe relationship between information system (IS) innovation and innovation among Iranian small and medium enterprises (SMEs) |
||
| 260 | _c2016 | ||
| 300 | _aBook title: Information technology management--Acession number C20746; pages 174-181 | ||
| 650 | _aIT MANAGEMENT | ||
| 999 |
_c354272 _d354272 |
||